Μαθαίνοντας να δουλεύεις : πώς τα παιδιά εργατικής προέλευσης επιλέγουν δουλειές της εργατικής τάξης

Αποθηκεύτηκε σε:
Λεπτομέρειες βιβλιογραφικής εγγραφής
Κύριος συγγραφέας: Willis, Paul E.
Άλλοι συγγραφείς: Πεχτελίδης, Γιάννης (Επιμελητής έκδοσης), Κοσμά, Υβόν (trlf)
Μορφή: Βιβλίο
Γλώσσα:Greek
English
Δημοσίευση: Αθήνα : Gutenberg, c2012.
Θέματα:
Ετικέτες: Προσθήκη ετικέτας
Δεν υπάρχουν, Καταχωρήστε ετικέτα πρώτοι!

MARC

LEADER 00000cam a2200000 i 4500
001 1/26371
008 130222r19772012gr | ||| |||| ||gre||
020 |a 9789600114690 
035 |l 10113820 
040 |a GR-MyUa  |b gre  |e AACR2 
041 1 |a gre  |h eng 
082 7 |a 306.360835   |2 (22) 
100 1 |a Willis, Paul E. 
245 1 0 |a Μαθαίνοντας να δουλεύεις :   |b πώς τα παιδιά εργατικής προέλευσης επιλέγουν δουλειές της εργατικής τάξης /   |c Paul Willis ; επιμέλεια: Γιάννης Πεχτελίδης ; μετάφραση: Υβόν Κοσμά.  
260 |a Αθήνα :   |b Gutenberg,   |c c2012.  
300 |a 459 σ. ;   |c 25 εκ. 
504 |a Περιλαμβάνει βιβλιογραφία και ευρετήριο.  
650 0 |a Working class  |x Education  |z Great Britain. 
650 0 |a Youth  |x Employment  |z Great Britain. 
700 1 |a Πεχτελίδης, Γιάννης,  |e edt 
700 1 |a Κοσμά, Υβόν,  |e trlf 
765 0 8 |i Μετάφραση του:   |t Learning to labour :  
852 |a INST  |b LESVOS  |e 20130222  |h 306.360835 WIL  |p 005100051785  |q 005100051785  |t BK  |y 0 
852 |a INST  |b LESVOS  |c EUDOXUS  |e 20141126  |h 306.360835 WIL  |p 005100055345  |q 005100055345  |t EDX  |y 0 
852 |a INST  |b LESVOS  |c EUDOXUS  |e 20150514  |h 306.360835 WIL  |p 005100056569  |q 005100056569  |t EDX  |y 4  |x 20200203 
852 |a INST  |b LESVOS  |c EUDOXUS  |e 20150514  |h 306.360835 WIL  |p 005100056570  |q 005100056570  |t EDX  |y 0 
852 |a INST  |b LESVOS  |c EUDOXUS  |e 20151201  |h 306.360835 WIL  |p 005100057872  |q 005100057872  |t EDX  |y 0 
852 |a INST  |b RHODES  |c EUDOXUS  |e 20190513  |h 306.360835 WIL  |p 005400040730  |q 005400040730  |t EDX  |y 0 
852 |a INST  |b RHODES  |c EUDOXUS  |e 20190513  |h 306.360835 WIL  |p 005400040731  |q 005400040731  |t EDX  |y 0 
901 |a BIBL1-2013-1 
901 |a BIBL1-2014-3 
920 |a Εύδοξος  |b Παραγγελία  |y Ρόδος-ΤΕΠΑΕΣ  |z 2019-05 
920 |a Εύδοξος  |b Παραγγελία  |y Ρόδος-ΠΤΔΕ  |z 2019-05 
920 |a ΕΥΔΟΞΟΣ  |b ΕΠΙΣΤΡΟΦΗ  |y Λέσβος  |z 2014-11 
920 |a Εύδοξος  |b Παραγγελία-ΤΚ  |y Λέσβος  |z 2015-04 
920 |a Εύδοξος  |b Επιστροφή  |y Λέσβος  |z 2015-04 
922 |a 1ΕΛΗ  |b 2012-10  |c ΤΜΗΜΑ ΚΟΙΝΩΝΙΚΗΣ ΑΝΘΡΩΠΟΛΟΓΙΑΣ ΚΑΙ ΙΣΤΟΡΙΑΣ  |d ΙΩΑΝΝΙΔΟΥ 
970 |a ΤΖΑΦΕΡΗ  |b ΕΥΑΓΓΕΛΙΑ  |z 2013/02/22